000 00715cam a2200229 a 4500
001 000001129
005 20200929145501.0
008 751006s1974 oncab b 001 0 eng
020 _a0770511724
040 _aDO-SdBNP
_cDLC
_dBNPHU
082 _a917.1
_bM164r
100 1 _aMacLennan, Hugh,
_d1907-1990.
_93863
240 1 0 _aSeven rivers of Canada
245 1 0 _aRivers of Canada /
_cHugh MacLennan ; with the camera of John De Visser.
260 _aToronto :
_bMacmillan of Canada,
_c1974.
300 _a270 p. :
_bil., maps ;
_c31 cm.
500 _aIncluye índice.
650 4 _aRíos
_zCanadá
_93864
651 4 _aCanadá
_xDescripción Y Viaje
_93865
910 _aCatalogación por copia / LC
910 _aWM
999 _c1084
_d1084